000 01920nam a22002777a 4500
001 79310
003 BD-RjUL
005 20220322143309.0
008 220322s2013 bg a|||| m||| 00| 0 ben d
035 _a(BD-RjUL)79310
040 _aBD-RjUL
_bben / eng
_cBD-RjUL
_dBD-RjUL
041 _aben
082 _a741.64095492
_bQUS 2013
_223
100 _aসুতার, সুভাষ চন্দ্র
_91004
245 1 0 _aবাংলাদেশের পাঠ্যপুুস্তকের অলঙ্করণ ও অঙ্গসজ্জা (১৯৯৭১ -২০০৬) = Textbook Illustration and Design of Bangladesh (1971-2006) /
_cসুভাষ চন্দ্র সুতার ;
_6গবেষণা - তত্ত্বাবধায়ক: আবু তাহের, স্বরোচিষ সরকার
246 _aTextbook Illustration and Design of Bangladesh (1971-2006)
260 _aরাজশাহী :
_bচারুকলা বিভাগ, রাজশাহী বিশ্ববিদ্য্যলয়,
_c২০১১
300 _a[৭], [ক]-ণ, ৪৪৭ পাতা :
_bচিএ ;
_c৩০ সেমি.
502 _aথিসিস (পিএইচ. ডি.) -- চারুকলা বিভাগ, রাজশাহী বিশ্ববিদ্য্যলয়, ২০১১,
504 _aগ্রন্থপঞ্জি : পাতা [৪৪৫] - ৪৪৭
650 _aবইয়ের প্রচ্ছদ
_zবাংলাদেশ
_xইতিহাস
_y১৯৯৭১ -২০০৬
_91954
650 _aBook covers
_zBangladesh
_xHistory
_y1971-2006
_91955
700 _aতাহের, আবু, গবেষণা - তত্ত্বাবধায়ক
_91007
700 _aসরকার, স্বরোচিষ, যুগ্ম গবেষণা - তত্ত্বাবধায়ক
_91008
942 _2ddc
_cTHE
999 _c79596
_d79596